00398nam a2200181Ia 4500008004100000020001800041050001400059100001600073245001400089245001900103260001500122260001600137260000900153300001600162300002000178300001000198500000800208170918s9999 xx 000 0 und d a9780590996839 bD131 1988 aDahl, Roald aMatilda / cby Roald Dahl. aNew York : bScholastic, c1988 a240 pages : billustrations ; c19cm. a840